| 000 | 00969nam a2200277Ia 4500 | ||
|---|---|---|---|
| 008 | 191130s2006##################000#0#eng## | ||
| 020 | _a9780198566557 | ||
| 022 | _a2006018375 | ||
| 040 |
_aACL _cACL |
||
| 082 | _a362.105 PEN | ||
| 245 |
_aOxford handbook of public health practice _cedited by David Pencheon... [et al. ] |
||
| 250 | _a2nd ed | ||
| 260 |
_aOxford _bOxford University Press _c2006 |
||
| 300 | _axxxiv, 691 p. : ill. ; 19 cm | ||
| 500 | _aIncludes bibliographical references (p. 641-676) and index | ||
| 650 | _aHealth Promotion - Handbooks | ||
| 650 | _aMedical care - Handbooks, manuals, etc | ||
| 650 | _aMedicine, Preventive - Handbooks, manuals, etc | ||
| 650 | _aPublic health - Handbooks, manuals, etc | ||
| 650 | _aPublic Health - methods - Handbooks | ||
| 650 | _aPublic Health Administration - Handbooks | ||
| 700 | _aPencheon, David | ||
| 990 | _afb3d982aac10000c088e9a1115774c06 | ||
| 991 | _a425553 | ||
| 999 |
_c280856 _d280856 |
||